| 000 | 01530cam a22003734a 4500 | ||
|---|---|---|---|
| 001 | 13024883 | ||
| 003 | OSt | ||
| 005 | 20230623113021.0 | ||
| 008 | 021209s2003 enk b 001 0 eng | ||
| 010 | _a 2002041495 | ||
| 020 | _a9780714683317 | ||
| 020 | _a0714683310 (pbk.) | ||
| 040 |
_cNIRUC _dNIRUC |
||
| 042 | _apcc | ||
| 043 |
_an-us--- _ae-gx--- |
||
| 050 | 0 | 0 |
_aJF1525.I6 _b.S43 2003 |
| 082 | 0 | 0 |
_a327.12/09/04 _221 |
| 245 | 0 | 0 |
_aSecret intelligence in the twentieth century / _cedited by; Heike Bengert, Jan G. Heitmann, Michael Wala ; with a foreword by Nigel West. |
| 260 |
_aLondon ; _aPortland, OR : _bFrank Cass, _c2003. |
||
| 300 |
_axxiii, 200 p. ; _c22 cm. |
||
| 440 | 0 |
_aCass series--studies in intelligence, _x1368-9916 |
|
| 504 | _aIncludes bibliographical references and index. | ||
| 650 | 0 |
_aIntelligence service _xHistory _y20th century. |
|
| 650 | 0 |
_aIntelligence service _zUnited States _xHistory _y20th century. |
|
| 650 | 0 |
_aIntelligence service _zGermany _xHistory _y20th century. |
|
| 700 | 1 |
_aBungert, Heike. _eeditor. |
|
| 700 | 1 |
_aHeitmann, Jan, _d1960- _eeditor. |
|
| 700 | 1 |
_aWala, Michael. _eeditor. |
|
| 856 | 4 | 1 |
_3Table of contents only _uhttp://www.loc.gov/catdir/toc/fy0611/2002041495.html |
| 856 | 4 | 2 |
_3Publisher description _uhttp://www.loc.gov/catdir/enhancements/fy0652/2002041495-d.html |
| 906 |
_a7 _bcbc _corignew _d1 _eocip _f20 _gy-gencatlg |
||
| 942 |
_2lcc _cBK _n0 |
||
| 999 |
_c206 _d206 |
||